000 00664nam a2200229Ia 4500
005 20260629163253.0
008 260629s9999||||xx |||||||||||||| ||und||
020 _a8183570135
_qpbk
082 _a809
_bSEN.17E
100 _aSen, S. [ed.]
245 0 _aT.S. Eliot : the critic [17th ed.]
250 _a17th ed.
260 _aNew Delhi
_bUnique Publishers
_c2006
300 _axvi, 240p. ; 22cm.
490 _aUnique literacy series
653 _aCritical appraisal
653 _aCriticism
653 _aEliot, T. S. (Thomas Stearns), 1888-1965--Knowledge and learning
700 _aChopra, J.K. [ed.]
700 _aChopra, P.S. [ed.]
942 _cBK
999 _c57268
_d57268